|
|
|
|
| LEADER |
01153nam a22002532a 4500 |
| 001 |
000044389 |
| 003 |
CZ BrMZK |
| 005 |
19951201143423.0 |
| 008 |
951201s1895 xr f cze d |
| 015 |
|
|
|a cnb001511851
|
| 035 |
|
|
|a (OCoLC)20937557
|
| 040 |
|
|
|a BOA001
|b cze
|
| 100 |
1 |
|
|a Zíbrt, Čeněk,
|d 1864-1932
|7 jk01152578
|
| 245 |
1 |
0 |
|a Bibliografický přehled českých národních písní :
|b seznam studií, starších sbírek rukopisných, sbírek tištěných, překladů s vybranými ukázkami a podrobný abecední ukazatel písní, v knize uvedených i vůbec písní tiskem uveřejněnýchSestavil Čeněk Zíbrt.
|
| 260 |
|
|
|a Praha :
|b Česká akademie,
|c 1895
|
| 300 |
|
|
|a 326 s.
|
| 490 |
1 |
|
|a Sbírka pramenů ku poznání literárního života v Čechách, na Moravě a v Slezsku
|
| 830 |
|
0 |
|a Sbírka pramenů ku poznání literárního života v Čechách, na Moravě a v Slezsku
|
| 910 |
|
|
|a BOA001
|b PK-0033.524
|
| 964 |
|
|
|a Písně lidové české - bibliografie
|
| 964 |
|
|
|a Bohemika - stol. 19.
|
| 990 |
|
|
|a BK
|
| 993 |
|
|
|a Y
|
| 996 |
6 |
|
|b 3119985215
|c PK-0033.524
|l MZK
|r Sklad / do 1 hodiny
|n 12
|w 000044389
|u 000010
|a 1
|e BOA001
|j MZK50
|s P
|